000 01021nam a22003017a 4500
001 5356
003 FISKH
005 20241128081141.0
008 241128b cb ||||| |||| 00| 0 eng d
020 _a9780590421416
040 _aFISKH
_beng
_cFISKH
_dFISKH
050 _aPZ8.L73
082 _a398.210947
100 _aLittledale, Freya
_d(1929–1992)
245 _aThe snow child /
_cRetold by Freya Littledale Illustrated by Barbara Lavallee
250 _aFirst printing in 1989
260 _aNew York :
_bScholastic,
_c1989.
300 _a26 pages :
_bColor illustrations ;
_c21 cm
505 _aG
520 _aAn elderly couple who long for a child build a snow child which comes to life and makes them very happy--until the coming of spring when the days become too warm for her to stay.
521 8 _a370L
_bLexile
521 8 _aG
_bRaz-Plus
650 _2Russia
_aPicture book
650 _2Folktale
_aSnow
700 _aLavallee, Barbara
_dIllustrator
942 _2ddc
_cBK
_n0
999 _c5356
_d5356